Statistics for Space General Knowledge

Click here to take the quiz!

General Stats

  • This quiz has been taken 83 times
  • The average score is 6 of 10

Answer Stats

QuestionAnswer% Correct
largest planetjupiter
100%
first man astronaut in spaceYuri Gagarin
78%
hottest planetvenus
75%
smallest planetmercury
65%
how many moons do mars have?2
64%
3 crew members of Apollo 11Neil Armstrong, Buzz Aldrin, Michael Collins
54%
the biggest moon in the solar systemganymede
49%
first women astronaut in spaceValentina Tershekova
36%
First President to call a person on the moonRichard Nixon
35%
First 2 American Astronauts in space.Alan Shepard, Gus Grissom
23%

Score Distribution

Percentile by Number Answered

Percent of People with Each Score

Your Score History

You have not taken this quiz